| 000 | 00915nam a2200265 a 4500 | ||
|---|---|---|---|
| 001 | 72408 | ||
| 003 | BD-RJUL | ||
| 005 | 20211209082246.0 | ||
| 008 | 170517s1951 enka b 001 0 eng d | ||
| 035 | _a(BD-RJUL)72626 | ||
| 040 |
_aDNLM/DLC _cDLC _dBD-RJUL _beng |
||
| 041 | _aeng | ||
| 082 |
_223 _a615.19 _bMED 1951 |
||
| 099 | _aRS410.M43 1985 | ||
| 245 | 0 | 0 |
_aMedicinal chemistry : _bA Series of Reviews Prepared Under the Auspices of The Division of Medicinal Chemistry of The American Chemical Society / _cEd by C.M.Suter [et ...al] |
| 260 |
_aLondon : _bChapman & Hall, _cc1951. |
||
| 300 |
_avii 473 p. : _bill. ; _c24 cm. |
||
| 504 | _aIncludes bibliographies and index. | ||
| 505 | 0 | _avol. 1 -- v. 2 -- v. 3 -- v. 4-- | |
| 650 | 0 |
_aPharmaceutical chemistry. _9214132 |
|
| 650 | 0 |
_aDrugs _xResearch. _9200704 |
|
| 700 |
_aEd by Suter, C.M. _9214133 |
||
| 942 |
_2ddc _cBK |
||
| 999 |
_c72408 _d72408 |
||